Statistics for Words that Rhyme with 'Word'

Click here to take the quiz!

General Stats

  • This quiz has been taken 1,332 times
    (1,298 since last reset)
  • The average score is 10 of 20

Answer Stats

Answer% Correct
Bird
96%
Turd
86%
Curd
85%
Nerd
83%
Heard
82%
Herd
79%
Purred
54%
Blurred
51%
Stirred
51%
Third
51%
Slurred
47%
Furred
45%
Gird
44%
Spurred
42%
Lured (regional)
38%
Whirred
26%
Erred
25%
Cured (regional)
21%
Surd
21%
Shirred
16%

Score Distribution

Percentile by Number Answered

Percent of People with Each Score

Your Score History

You have not taken this quiz since the last reset